| 000 | 00461nam a2200157Ia 4500 | ||
|---|---|---|---|
| 008 | 230312s9999||||xx |||||||||||||| ||und|| | ||
| 020 | _a1-4020-8232-0 | ||
| 082 |
_a822.33 _bVRB-A |
||
| 100 | _aVrbova;Gerta | ||
| 245 | 0 | _aApplication of Muscle/Nerve Stimulation in Health and Disease | |
| 260 |
_bSpringer _aUK _c2008 |
||
| 300 | _a118 | ||
| 546 | _aEng. | ||
| 650 |
_aPhysiotherapy _vApplication of Muscle/Nerve Stimulation in Health and Disease |
||
| 942 | _cBK | ||
| 999 |
_c9136 _d9136 |
||